Europe by Any 3 Letters Quiz Stats

 Plays Quiz Updated Feb 13, 2019

     
Support Sporcle.
Go Orange.
Score 0/47 Timer 02:00
1 Play Today
Country % Correct
Ireland
95.4%
Finland
95.1%
Switzerland
94.8%
Poland
94.8%
Netherlands
94.1%
Iceland
92.6%
Belarus
91.5%
Sweden
91.2%
Spain
89.7%
Bosnia and Herzegovina
89.6%
Germany
89.5%
France
88.7%
Russia
85.1%
Cyprus
84.8%
Italy
84.3%
United Kingdom
84.1%
Portugal
83.8%
Slovenia
82.3%
Lithuania
81.6%
Norway
81.3%
Belgium
81.2%
Greece
81.1%
Andorra
80.1%
Romania
80%
Country % Correct
Denmark
79.5%
Estonia
79.2%
North Macedonia
76.5%
Austria
76.2%
Albania
74.9%
Montenegro
72.2%
Slovakia
72%
Monaco
72%
Latvia
70.3%
Luxembourg
69.1%
Ukraine
68.5%
Turkey
68.1%
Czechia
68.1%
Vatican City
67.8%
Hungary
66.1%
Bulgaria
65.7%
Liechtenstein
63.5%
Croatia
62.2%
Malta
61.2%
San Marino
61.1%
Serbia
59%
Kosovo
50.4%
Moldova
50.4%

From the Vault

Crossword Blackout!

by hockeystix3

This quiz is like the Build-A-Bear of crossword puzzles.
Remove Ads.
Support Sporcle.
Get the best of Sporcle when you Go Orange. This ad-free experience offers more features, more stats, and more fun while also helping to support Sporcle. Thank you for becoming a member.

Show Comments

Extras

Top Quizzes Today


Score Distribution

Your Account Isn't Verified!

In order to create a playlist on Sporcle, you need to verify the email address you used during registration. Go to your Sporcle Settings to finish the process.

Report this User

Report this user for behavior that violates our Community Guidelines.

Details: